000 00393pab a2200157 454500
008 180718b2009 xxu||||| |||| 00| 0 eng d
100 _aFarooqui, Jamil
245 _aChanging paradigms of development: an assessment
260 _c2009
300 _ap.5-26.
362 _aJan-Dec
650 _aEconomic and social development
773 _aIASSI Quarterly
908 _aN
909 _a86966
999 _c86966
_d86966